02832cam a2200385 a 45000010009000000050017000090080041000260100017000670150019000840160018001030200031001210200028001520350023001800350020002030400056002230430021002790500024003000820020003242450139003442600061004833000026005445040051005705051309006216500034019306510051019646510051020156510065020667000023021317000019021548560083021739060045022569420012023019990017023139520116023301476255520170105102913.0070308s2007 enk b 001 0 eng  a 2007009688 aGBA7244052bnb7 a0137045892Uk a9780754670339 (alk. paper) a0754670333 (alk. paper) a(OCoLC)ocm85833382 a(OCoLC)85833382 aDLCcDLCdUKMdBTCTAdBAKERdBWKUKdYDXCPdBWKdDLC aaw-----an-us---00aDS63.2.U5bS77 200700a327.127305622200aStrategic interests in the Middle East :bopposition and support for US foreign policy /cedited by Jack Covarrubias and Tom Lansford. aAldershot, England ;aBurlington, VT :bAshgate,cc2007. axix, 248 p. ;c24 cm. aIncludes bibliographical references and index.0 aBritain and the Middle East : in pursuit of eternal interests / Mark Sedgwick -- Old interests, new purpose : French foreign policy in the Middle East / Daniel W. Kuthy -- Germany and the Middle East : the construction of moral interests / Jack Covarrubias, Chris White -- US-Russian competition in the Middle East : convergences and divergences in foreign security policy / Mira Duric, Tom Lansford -- China's Middle East policy since the post-Mao reform / Chunlong Lu, Jie Chen -- Japan between the United States and the Middle East / George Ehrhardt -- At the crossroads of foreign policy decisions : India in the Middle East / Anna Rulska, David Jackson -- The United States and Israel : the implications of alignment / Daniel J. Graeber -- Realpolitik and religion : the twin sources of Saudi Arabia's foreign policy / Evan Campbell, Steve A. Yetiv -- The centrality of Egypt to the future of the greater Middle East / B.J. Jordan, Robert J. Pauly, Jr. -- Iran and the Middle East : the pursuit of security and legitimacy in the American age / Vaughn P. Shannon -- NATO and the Middle East : the road to greater engagement / Chris Zambelis, Eva Svobodová -- The United States and the Arab League / Jack Kalpakian -- The United States and the United Nations : partnership for peace? / Tom Lansford. 0aWorld politicsy21st century. 0aMiddle EastxForeign relationszUnited States. 0aUnited StatesxForeign relationszMiddle East. 0aUnited StatesxForeign relationsy2001-2009xPublic opinion.1 aCovarrubias, Jack.1 aLansford, Tom.413Table of contents onlyuhttp://www.loc.gov/catdir/toc/ecip0712/2007009688.html a7bcbccorignewd1eecipf20gy-gencatlg 2ddccBK c15213d15213 001040708NFICaCIPSbCIPScGENd2013-09-30l0o327.1273056 STR 2007pCIPS0001488r2013-11-20w2013-11-20yBK